00632nam a2200169Ia 4500008004100000020001600041050002500057100002200082245007200104250001200176260004800188300004000236504003500276520002100311999001900332952011100351150610s9999 xx 000 0 und d a0 768909244 aPN4129.15b.M38 2002 aMcManus, Judith A a How to write and deliver effective speeches /cJudith A. McManus. a4th ed. aLawrenceville, NJ :bThomson /Arco,c2002. a101pages :billustrations ;c21 cm. a "Second edition"--T.p. verso. aPublic speaking. c288201d288201 001040aSSISBbSSISBcHSd2015-06-10l0oPN4129.15.M38 2002pUS-0324r2015-06-10 00:00:00w2015-06-10yBK